Llwytho...

Methodology of research in education

Manylion Llyfryddiaeth
Prif Awdur: Kulbir Singh Sidhu
Fformat: Printed Book
Cyhoeddwyd: Sterling Publishers Pvt. Ltd., New Delhi 1990
Pynciau:
LEADER 00490nam a2200157 4500
082 |a 001.4 KUL-M 
100 |a Kulbir Singh Sidhu 
245 |a Methodology of research in education  |c Kulbir Singh Sidhu 
250
260 |a Sterling Publishers Pvt. Ltd., New Delhi  |c 1990 
300 |a 308 p 
490
650 |a Research activities 
942 |c BK 
999 |c 125243  |d 125243 
952 |0 0  |1 0  |4 0  |6 001_400000000000000_KULM  |7 0  |9 138705  |a COM  |b COM  |l 0  |o 001.4 KUL-M  |p COM01471  |r 2019-10-24  |w 2019-10-24  |y BK